01192nam a2200193Ia 4500001001100000003001000011008004100021040002500062041001300087100004200100245006600142250001100208260008700219300001200306500026600318501011400584520026600698650003400964L251-17047IT-CnALBA170116s9999||||xx |||||||||||||| ||und|| aIT-CnALBAcIT-CnALBA aITALIANO aBONOMELLI GEREMIA, VESCOVO DI CREMONA 0aCONFERENZE RELIGIOSE E SOCIALI DI ILLUSTRI ORATORI. VOL. II.  a1a ed. aTORINObFESTA E TARIZZO TIPOGRAFIA c1888 [1° Ed.:1888 - Ed.Ling.Originale: 1888] a211 p.  aA CURA DEL CORRIERE NAZIONALE. LA SCUOLA. BOUGAUD MONSIGNORE. PADRE BASILIO DA GRECCIO. LEONE XIII. ALESSI G. TEMPIO LIBERTÀ. DOLORE. IMMORTALITÀ. MALI DEL MONDO. POPOLO. CHIESA E STATO. DONNA. LIBERTÀ UMANA. GIOVANI. CARATTERE. RISVEGLIO RELIGIOSO. IL NO aSocietà San Paolo EM - Piazza San Paolo, 14 - 12051 ALBA (CN) (non commercial uses only) ® Copyright 2017 aA CURA DEL CORRIERE NAZIONALE. LA SCUOLA. BOUGAUD MONSIGNORE. PADRE BASILIO DA GRECCIO. LEONE XIII. ALESSI G. TEMPIO LIBERTÀ. DOLORE. IMMORTALITÀ. MALI DEL MONDO. POPOLO. CHIESA E STATO. DONNA. LIBERTÀ UMANA. GIOVANI. CARATTERE. RISVEGLIO RELIGIOSO. IL NO aPREDICAZIONE - ORATORIA SACRA